Normal view
MARC view
- Ehsan, Abdul Ahad
Entry Personal Name
001 - CONTROL NUMBER
- control field: 36048
003 - CONTROL NUMBER IDENTIFIER
- control field: NUST
005 - DATE AND TIME OF LATEST TRANSACTION
- control field: 20210312152103.0
008 - FIXED-LENGTH DATA ELEMENTS
- fixed length control field: 210312|| aca||aabn | a|a d
040 ## - CATALOGING SOURCE
- Original cataloging agency: NUST
- Transcribing agency: NUST
100 ## - HEADING--PERSONAL NAME
- Personal name: Ehsan, Abdul Ahad
670 ## - SOURCE DATA FOUND
- Source citation: Work cat.: (NUST)15094: Ehsan, Abdul Ahad , Effects of Non-Implementation of Axel Load Regime on Karachi - Hyderabad Motorway (M-9) , 2020.
